Métodos y técnicas de conservación de las obras de arte (1) / (Registro nro. 13991)

Detalles MARC
000 -LIDER
fixed length control field 01329nam a2200289 a 4500
001 - NÚMERO DE CONTROL
Identificador de número de control 000046525
003 - IDENTIFICACDOR DE NÚMERO DE CONTROL
control field DO-SdBNP
005 - DATE AND TIME OF LATEST TRANSACTION
control field 20220128113138.0
008 - ELEMENTOS DE LONGITUD FIJA
fixed length control field 150821s2015 dr c 000 0 spa d
020 ## - ISBN
International Standard Book Number 9789945423334
040 ## - FUENTE DE CATALOGACIÓN
Agencia que crea de manera original el registro DO-SdBNP
Idioma de catalogación spa
Agencia que realiza la transcripción BPMSU
082 ## - NÚMERO DE CLASIFICACIÓN DECIMAL DE DEWEY
Classification number 751.62
Item number C247m 2015
Edition number 22
100 1# - ASIENTO PRINCIPAL -- NOMBRE PERSONAL
Nombre personal Cappelli, Simona
245 10 - MENCIÓN DE TITULO
Título Métodos y técnicas de conservación de las obras de arte (1) /
Mención de responsabilidad Simona Cappelli editor Simona Cappelli.
260 ## - PUBLICACIÓN, DISTRIBUCIÓN, ETC. (PIE DE IMPRENTA)
Lugar de publicación, distribución, etc Santo Domingo :
Nombre del editor, distribuidor, etc. Universidad APEC,
Fecha de publicación, distribución, etc 2015.
300 ## - DESCRIPCIÓN FÍSICA
Extensión 144 p. :
Otros detalles físicos il., retrs. ;
Dimensiones 22 cm.
500 ## - NOTA GENERAL
Nota general Incluye referencias bibliográficas y notas al pie de las páginas
505 0# - NOTA DE CONTENIDO
Texto normalizado de contenido La conservación y restauración de los bienes culturales en República Dominicana -- Columnas coloniales del Colegio de Gorjón. Centro Cultural de España, Ciudad Colonial Santo Domingo. Relación técnica final de conservación agosto 2009 -- Pintura mural de Roland Dorcély, hotel Villa Créole, Petionville, Haití
590 ## - NOTA LOCAL
Enlace Inventariado, 2022/VM
650 #4 - ENCABEZAMIENTO DE MATERIA--TEMÁTICO
Término temático o nombre geográfico como elemento de entrada Conservación y restauración de obras de arte
650 #4 - ENCABEZAMIENTO DE MATERIA--TEMÁTICO
Término temático o nombre geográfico como elemento de entrada Conservación y restauración de pinturas
650 #4 - ENCABEZAMIENTO DE MATERIA--TEMÁTICO
Término temático o nombre geográfico como elemento de entrada Pintura Mural
Subdivisión temática general Conservación y restauración.
700 12 - ASIENTO SECUNDARIO -- NOMBRE PERSONAL
Nombre personal Simona Cappelli.
710 2# - ASIENTO SECUNDARIO -- NOMBRE CORPORATIVO
Nombre corporativo o de jurisdicción Universidad APEC (República Dominicana)
910 ## - VALIDACIÓN
Validación VMateo V.
942 ## - ADDED ENTRY ELEMENTS (KOHA)
Source of classification or shelving scheme Dewey Decimal Classification
Koha item type Libros
Existencias
Withdrawn status Lost status Source of classification or shelving scheme Damaged status Not for loan Collection code Home library Current library Date acquired Source of acquisition Total Checkouts Full call number Barcode Date last seen Price effective from Koha item type
    Dewey Decimal Classification     Colección Dominicana Biblioteca Pública Metropolitana Salomé Ureña Biblioteca Pública Metropolitana Salomé Ureña 01/28/2022 Fundacón Juan Bosch   BPMSU CD 751.62 C247m 2015 BPMSU22010086 01/28/2022 01/28/2022 Libros